书目信息 |
| 题名: |
2019-2020同济都市建筑年度作品
|
|
| 作者: | 吴长福 主编 | |
| 分册: | ||
| 出版信息: | 上海 同济大学出版社 2021.12 |
|
| 页数: | 275页 | |
| 开本: | 20cm | |
| 丛书名: | ||
| 单 册: | ||
| 中图分类: | TU206 | |
| 科图分类: | ||
| 主题词: | 建筑设计 | |
| 电子资源: | ||
| ISBN: | 978-7-5608-9701-1 | |
| 000 | 00832nam0 2200217 450 | |
| 001 | 2354934804 | |
| 005 | 20230511151844.96 | |
| 010 | @a978-7-5608-9701-1@dCNY99.00 | |
| 100 | @a20230511d2021 km y0chiy0120 ea | |
| 101 | 0 | @achi |
| 102 | @aCN@b310000 | |
| 200 | 1 | @a2019-2020同济都市建筑年度作品@A2019-2020 Tong Ji Du Shi Jian Zhu Nian Du Zuo Pin@f吴长福等主编@FWu Chang Fu Deng Zhu Bian |
| 210 | @a上海@c同济大学出版社@d2021.12 | |
| 215 | @a275页@d20cm | |
| 300 | @a 本书选录了2019-2020年都市建筑设计院完成设计项目中的130余项。 项目涵盖文化、教育、体育、办公、商业、更新保护、城市设计、景观设计等类型。 | |
| 510 | 1 | @a= Yearbook of Tongji urban architectural design 2019-2020 |
| 606 | 0 | @a建筑设计 |
| 690 | @aTU206@v4 | |
| 701 | 0 | @a吴长福@AWu Chang Fu@4主编 |
| 801 | 0 | @aCN@b河南城建学院图书馆@c20230511 |
| 905 | @dTU206@eW7511 | |
| 2019-2020同济都市建筑年度作品/吴长福等主编.-上海:同济大学出版社,2021.12 |
| 275页;20cm |
| 本书选录了2019-2020年都市建筑设计院完成设计项目中的130余项。 项目涵盖文化、教育、体育、办公、商业、更新保护、城市设计、景观设计等类型。 |
| ISBN 978-7-5608-9701-1:CNY99.00 |
| ● |
| 相关链接 |
|
|
|
正题名:2019-2020同济都市建筑年度作品
索取号:TU206/W7511
 
预约/预借
| 序号 | 登录号 | 条形码 | 馆藏地/架位号 | 状态 | 备注 |
| 1 | 1506026 | 215060261 | 建筑与城市规划学院资料室/ [索取号:TU206/W7511] | 在馆 | |
| 2 | 1506027 | 215060270 | 建筑与城市规划学院资料室/ [索取号:TU206/W7511] | 在馆 |